Normal view MARC view
  • Brontë, Anne,

Entry Personal Name

Number of records used in: 2

001 - CONTROL NUMBER

  • control field: 11790

003 - CONTROL NUMBER IDENTIFIER

  • control field: NUST

005 - DATE AND TIME OF LATEST TRANSACTION

  • control field: 20180718063318.0

008 - FIXED-LENGTH DATA ELEMENTS

  • fixed length control field: 180718|| aca||aabn | a|a d

040 ## - CATALOGING SOURCE

  • Original cataloging agency: NUST
  • Transcribing agency: NUST

100 ## - HEADING--PERSONAL NAME

  • Personal name: Brontë, Anne,
  • Dates associated with a name: 1820-1849.

670 ## - SOURCE DATA FOUND

  • Source citation: Work cat.: (NUST)173269: Brontë, Anne, 1820-1849., Agnes Grey /, 1998.
© 2023 Central Library, National University of Sciences and Technology. All Rights Reserved.